|
|
|
|
| LEADER |
01510nam a2200289 a 4500 |
| 001 |
GR-Patra25451 |
| 008 |
080508s2006 xxk g b 001 0 eng d |
| 020 |
|
|
|a 019926158X
|
| 040 |
|
|
|a GrPaTEI
|b gre
|c GR-PaULI
|
| 040 |
|
|
|a GrPaTEI
|b gre
|c GR-PaULI
|
| 082 |
|
0 |
|a 658.00941
|2 22
|
| 100 |
1 |
|
|a Wilson, John F.
|
| 245 |
1 |
4 |
|a The making of modern management :
|b British management in historical perspective /
|c John F. Wilson and Andrew Thomson.
|
| 260 |
|
|
|a Oxford :
|b Oxford University Press,
|c 2006
|
| 300 |
|
|
|a xvii, 297 σ. :
|b εικ.
|
| 504 |
|
|
|a Περιλαμβάνει βιβλιογραφικές παραπομπές (σ. [275]-291) και ευρετήριο.
|
| 610 |
2 |
4 |
|a Παράρτημα Αμαλιάδος.
|b Τμήμα Εφαρμογών Πληροφορικής στη Διοίκηση και την Οικονομία
|
| 650 |
|
0 |
|a Management
|z Great Britain
|x History
|y 19th ed.
|
| 650 |
|
0 |
|a Management
|z Great Britain
|x History
|y 20th ed.
|
| 650 |
|
4 |
|a Μάνατζμεντ
|z Μεγάλη Βρετανία
|x Ιστορία
|y 19ος αιώνας
|
| 650 |
|
4 |
|a Μάνατζμεντ
|z Μεγάλη Βρετανία
|x Ιστορία
|y 20ος αιώνας
|
| 700 |
1 |
|
|a Thomson, Andrew
|
| 710 |
0 |
|
|a Oxford University Press
|
| 942 |
|
|
|2 ddc
|
| 952 |
|
|
|0 0
|1 0
|2 ddc
|4 0
|6 658_009410000000000_WIL
|7 1
|9 307357
|a LISK
|b LISK
|c BSC
|d 2021-01-17
|e 24
|f 0
|g 0.00
|l 0
|o 658.00941 WIL
|p 92410039766
|r 2021-01-17 00:00:00
|t 1
|w 2021-01-17
|y BKN
|x 20080508 0 0
|x GrPaTEI
|
| 971 |
|
|
|a .b26730236
|b 15-04-20
|c 26-09-16
|
| 999 |
|
|
|c 177391
|d 177391
|